000 00493nam a2200181Ia 4500
005 20250508150938.0
008 008 250505s9999 xx 000 0 eng d
037 _aTextual
040 _aFEDL
_beng
_cFEDL
041 _aeng
_2eng
084 _a369.4, HED
_qFEDL
100 _aHedges Sid G.
_9642549
245 0 _aYouth club activities
260 _aLondon, UK
_bMethuen and Co. Ltd
_c1945
300 _aviii,271p.
942 _cTEXL
_h369.4, HED
999 _c1326646
_d1326646